Současná Evropa

Pôvodné štúdie a diskusné príspevky českých a zahraničných autorov, správy z vedeckého života, dokumenty a recenzie týkajúce sa všetkých aspektov procesu európskej integrácie a postavenia ČR v Európskej únii.

Gespeichert in:
Bibliographische Detailangaben
Format: Schriftenreihe
Sprache:Tschechisch
Englisch
Veröffentlicht: Praha Vysoká škola ekonomická v Praze - Nakladatelství Oeconomica
Schlagworte:
Tags: Tag hinzufügen
Keine Tags, Fügen Sie das erste Tag hinzu!

MARC

LEADER 00000nas1a2200000$$$4500
001 0111055
005 20240118150606.5
022 |a 1804-1280 
041 0 |a cze 
041 0 |a eng 
044 |a CZ 
245 1 0 |a Současná Evropa 
264 1 |a Praha  |b Vysoká škola ekonomická v Praze - Nakladatelství Oeconomica 
500 |a Čísla od 1/2018 vydané v online verzii 
520 |a Pôvodné štúdie a diskusné príspevky českých a zahraničných autorov, správy z vedeckého života, dokumenty a recenzie týkajúce sa všetkých aspektov procesu európskej integrácie a postavenia ČR v Európskej únii. 
610 2 0 |a Európska únia 
610 2 0 |a Česko 
610 2 0 |a vzťahy zahraničné 
610 2 0 |a integrácia ekonomická medzinárodná 
610 2 0 |a spolupráca medzinárodná